THEORY OF VIBRATION WITH APPLICATION (Record no. 14549)

MARC details
000 -LEADER
fixed length control field 00373nam a22001577a 4500
003 - CONTROL NUMBER IDENTIFIER
control field SGT
020 ## - INTERNATIONAL STANDARD BOOK NUMBER
International Standard Book Number 978-81-317-0482-0
082 ## - DEWEY DECIMAL CLASSIFICATION NUMBER
Classification number 620.3
Item number THO
100 ## - MAIN ENTRY--PERSONAL NAME
Personal name THOMSON,WILLIAM.T.
245 ## - TITLE STATEMENT
Title THEORY OF VIBRATION WITH APPLICATION
250 ## - EDITION STATEMENT
Edition statement 5TH
260 ## - PUBLICATION, DISTRIBUTION, ETC. (IMPRINT)
Place of publication, distribution, etc NOIDA(U.P)
Name of publisher, distributor, etc KIRTI PRAKASHAN
Year of Publication 2015
300 ## - PAGE DESCRIPTION
No. of Pages 495
650 ## - SUBJECT ADDED ENTRY--TOPICAL TERM
Topical term or geographic name as entry element MECHANICAL ENGINEERING
942 ## - ADDED ENTRY ELEMENTS (KOHA)
Source of classification or shelving scheme Dewey Decimal Classification
Koha item type Books
Holdings
Withdrawn status Lost status Source of classification or shelving scheme Damaged status Not for loan Collection code Home library Current library Shelving location Date acquired Vendor Name Cost, normal purchase price SGTU Bill Number Total Checkouts Full call number Accession No. (Barcode) Date last seen Bill Date Koha item type Total Renewals Date last borrowed
    Dewey Decimal Classification     ENGINEERING SGT Engineering Library SGT Engineering Library Text Book 17/01/2018 KIRTI PRAKASHAN (NEW DELHI ) 709.00 SGTU IN1297   620.3 THO FE6976 17/01/2018   Books    
    Dewey Decimal Classification     ENGINEERING SGT Engineering Library SGT Engineering Library Text Book 17/01/2018 KIRTI PRAKASHAN (NEW DELHI ) 709.00 SGTU IN1297   620.3 THO FE6977 17/01/2018   Books    
    Dewey Decimal Classification     ENGINEERING SGT Engineering Library SGT Engineering Library Text Book 17/01/2018 KIRTI PRAKASHAN (NEW DELHI ) 709.00 SGTU IN1297   620.3 THO FE6978 17/01/2018   Books    
    Dewey Decimal Classification     ENGINEERING SGT Engineering Library SGT Engineering Library Text Book 17/01/2018 KIRTI PRAKASHAN (NEW DELHI ) 709.00 SGTU IN1297 8 620.3 THO FE6979 21/05/2019   Books 2 23/04/2019
    Dewey Decimal Classification     ENGINEERING SGT Engineering Library SGT Engineering Library Text Book 17/01/2018 KIRTI PRAKASHAN (NEW DELHI ) 709.00 SGTU IN1297 1 620.3 THO FE6980 06/04/2019   Books   05/04/2019